| 000 | 01060nam a22003250a 4500 | ||
|---|---|---|---|
| 001 | PT22625 | ||
| 003 | AR-LpoUNG | ||
| 005 | 20210131233100.0 | ||
| 008 | 191001s2004||||ag |||||||||||||||||spa d | ||
| 020 |
_a9870400035 _c$7 |
||
| 040 |
_aAR-LpoUNG _bspa _cAR-LpoUNG _eaacr |
||
| 041 | _aspa | ||
| 044 | _aag | ||
| 082 | 0 | _aR467 745dic | |
| 100 | 1 | _aConde, Oscar | |
| 245 | 1 | 0 | _aDiccionario etimológico del lunfardo |
| 250 | _a1ra. ed. | ||
| 260 |
_aBuenos Aires : _bAguilar - Altea - Taurus - Alfaguara, _c2004. |
||
| 300 |
_a326 p. : _bil. |
||
| 505 | 0 | _aLos ítems S00065505 y S00065546 corresponden a la 3ra. edición de 2019. | |
| 520 | _a<p>Este diccionario es el único que da cuenta de la etimología de los vocablos y resulta incomparable por su rigor científico, lo que redunda en una mayor claridad y facilita las búsquedas.</p> | ||
| 650 | 4 | _aDICCIONARIOS | |
| 650 | 4 | _aETIMOLOGIA | |
| 650 | 4 | _aLENGUA ESPAÑOLA | |
| 650 | 4 | _aTERMINOLOGIA | |
| 651 | 4 | _aArgentina | |
| 653 | _aLUNFARDO | ||
| 905 | _a22625 | ||
| 942 | _cLSALA | ||
| 999 |
_c19104 _d19104 |
||